书目信息 |
| 题名: |
律师百谈离婚案
|
|
| 作者: | 葆瑶 | |
| 分册: | ||
| 出版信息: | 北京科学普及出版社 1995. 1 |
|
| 页数: | 268页 | |
| 开本: | 大32开 | |
| 丛书名: | ||
| 单 册: | ||
| 中图分类: | D923.905 | |
| 科图分类: | ||
| 主题词: | 法律--中国 | |
| 电子资源: | ||
| ISBN: | 7-110-03233-7 | |
| 000 | 00518nam0 2200193 45 | |
| 001 | 0308271098 | |
| 005 | 20030827105620.2 | |
| 010 | @a7-110-03233-7@dRMB8.80 | |
| 100 | @a20030827d1995 km y0chiy0120 ea | |
| 101 | @achi | |
| 105 | @a z 000yy | |
| 200 | 1 | @a律师百谈离婚案@Alu shi bai tan li hun an@f葆瑶@Fbao yao |
| 210 | @c北京科学普及出版社@d1995. 1 | |
| 215 | @a268页@c无图表@d大32开 | |
| 606 | 0 | @a法律@x中国 |
| 690 | @aD923.905@v3 | |
| 701 | 0 | @a葆瑶 |
| 801 | @aCN@b@c20030827 | |
| 905 | @aBZT@dD923.905@e153 | |
| 律师百谈离婚案/葆瑶.-北京科学普及出版社,1995. 1 |
| 268页:无图表;大32开 |
| ISBN 7-110-03233-7:RMB8.80 |
| ● |
| 相关链接 |
|
|
|
正题名:律师百谈离婚案
索取号:D923.905/153
 
预约/预借
| 序号 | 登录号 | 条形码 | 馆藏地/架位号 | 状态 | 备注 |
| 1 | 83741 | 200734278 | 中心书库南/013架B面1层9列/ [索取号:D923.905/153] | 在馆 | |
| 2 | 83742 | 200734296 | 中心书库南/013架B面1层9列/ [索取号:D923.905/153] | 在馆 | |
| 3 | 83743 | 200734312 | 中心书库南/013架B面1层9列/ [索取号:D923.905/153] | 在馆 | |
| 4 | 83744 | 200734321 | 中心书库南/013架B面1层9列/ [索取号:D923.905/153] | 在馆 | |
| 5 | 83745 | 200734303 | 中心书库南/013架B面1层9列/ [索取号:D923.905/153] | 在馆 |